Normal view
MARC view
Entry Topical Term
001 - CONTROL NUMBER
- control field: 37988
003 - CONTROL NUMBER IDENTIFIER
- control field: ARRUPE
005 - DATE AND TIME OF LATEST TRANSACTION
- control field: 20171207103801.0
008 - FIXED-LENGTH DATA ELEMENTS
- fixed length control field: 171207|| aca||aabn | a|a d
040 ## - CATALOGING SOURCE
- Original cataloging agency: ARRUPE
- Transcribing agency: ARRUPE
150 ## - HEADING--TOPICAL TERM
- Topical term or geographic name as entry element: Negro race
670 ## - SOURCE DATA FOUND
- Source citation: Work cat.: (ARRUPE)36647: Fanon, Frantz 31733, Black skin, white masks, 1986